000 00769nam a22002178a 4500
005 2009080104224.0
008 090213s2009 nyu b 001 0 eng
010 _aENG-94606
020 _a8189630164
_c400.00
035 _aEN-78139
037 _bDBAD / PUB
040 _adpl
_bEnglish
082 _a004
100 _aSarojini, K.
245 _aFundamentals of computers /
_cby K. Sarojini
260 _aNew Delhi
_bGlobal Research Publications
_c2008
270 _a4800/24, Ist Floor, Ansari Road, Daryaganj
_bNew Delhi
_e110002
300 _axii, 129p.
_c22cm(Hb)
942 _2ddc
_cEN
_mSAR
_h004
999 _c28839
_d28839